000 00931cam a2200253 4500
001 3433
003 BD-RjUL
005 20211208233729.0
008 131219s1967 enkc b 001 0 eng
035 _a(BD-RjUL)3467
040 _aDLC
_cDLC
_dDLC
_beng
041 _aeng
082 0 0 _a332.120942
_bKEM 1967
100 1 _aKellett, Richard,
_d1929-
_910787
245 1 4 _aThe merchant banking arena :
_bwith case-studies /
_cRichard Kellett
260 _aLondon ;
_aMelbourne [etc.] ,
_bMacmillan ;
_aNew York :
_bSt. Martin's P. ,
_cc1967.
300 _axvii, 182 p. :
_bfront. (ports.). ;
_c22 cm.
504 _aBibliographical references included in "Notes" (p. [166]-170) and index.
650 0 _aMerchant banks
_zGreat Britain.
_910788
856 _uhttp://www.worldcat.org/title/merchant-banking-arena-with-case-studies/oclc/955801&referer=brief_results
942 _2ddc
_cBK
999 _c3433
_d3433